Statistiken für Deutsche Bands nach Bildern

Klicken Sie hier um das Quiz zu spielen!

Allgemein

  • Dieses Quiz wurde 151 mal gespielt
  • Das Durchschnittsergebnis liegt bei 7 aus 16

Antwortstatistiken

Antwort% Korrekt
Tokio Hotel
93%
Die Ärzte
92%
Silbermond
81%
No Angels
63%
Pur
58%
AnnenMayKantereit
42%
Kraftwerk
41%
Rosenstolz
40%
Wir sind Helden
35%
Deichkind
34%
Mia.
26%
Antilopen Gang
20%
Broilers
17%
Ton Steine Scherben
14%
Beatsteaks
10%
Ideal
9%

Verteilung der Resultate

Perzentil nach korrekt beantworteten Fragen

Anzahl Personen mit jedem Resultat

Ihre Resultats-Entwicklung

Sie haben dieses Quiz noch nicht gespielt